[Event "EU-chT (Men) 15th"]
[Site "Gothenburg"]
[Date "2005.08.03"]
[Round "5.4"]
[White "Stevic, Hrvoje"]
[Black "Mastrovasilis, Dimitrios"]
[Result "0-1"]
[WhiteElo "2528"]
[BlackElo "2563"]
[Annotator "Rogozenco,D"]
[PlyCount "142"]
[EventDate "2005.07.30"]
[EventType "team-swiss"]
[EventRounds "9"]
[EventCountry "SWE"]
[SourceTitle "CBM 109"]
[Source "ChessBase"]
[SourceDate "2005.11.14"]
[SourceVersion "1"]
[SourceVersionDate "2005.11.14"]
[SourceQuality "1"]
[WhiteTeam "Croatia"]
[BlackTeam "Greece"]
[WhiteTeamCountry "CRO"]
[BlackTeamCountry "GRE"]

1. e4 c5 2. c3 Nf6 3. e5 Nd5 4. d4 cxd4 5. Nf3 e6 {The system combining 2...
Nf6 with ...e6 leads to complex middlegame positions and offers both sides
plenty of fighting resources.} 6. cxd4 d6 7. Bc4 Nb6 8. Bb3 ({After the
alternative} 8. Bd3 {Black´s main options are 8...Nc6, 8...Bd7 followed by 9...
Bc6, or the lately popular 8...dxe5 9.dxe5 Na6 (9...N8d7) followed by 10...Nc5,
in all cases with mutual chances.}) 8... dxe5 9. Nxe5 Nc6 (9... N8d7 $5 10. O-O
$140 Nxe5 11. dxe5 Qxd1 12. Rxd1 Bd7 $11) 10. Nxc6 ({Somewhat more ambitious
is to keep the knights on with} 10. Nf3) 10... bxc6 11. O-O Be7 12. Nc3 O-O {
The starting position of this opening variation. The pawn weaknesses on d4 and
c6 compensate each other, nevertheless White can claim a slight edge, since he
can combine play in the center with attempts to create some initiative on the
kingside. Usually if Black succeeds to play ...c5 without any concessions,
than the position becomes completely equal. Also the trade of queens (or
almost any other pieces) would favour Black.} 13. Qd3 {In the present game
White places the rooks on d1 and c1. Lots of other moves have been tried in
practice before.} (13. Be3 a5 (13... Ba6 14. Re1 Nd5 15. Nxd5 cxd5 $11 {
1/2-1/2 Guido,F (2327)-Isonzo,D (2337)/Genova 2002 (50)}) 14. Rc1 Ba6 15. Re1
Nd5 16. Qf3 Bb4 17. Red1 Qf6 18. Qg3 Qg6 19. Qh3 h6 20. Bc2 f5 21. Nxd5 cxd5
22. Qf3 {1/2-1/2 Lane,G (2410)-Kuczynski,R (2460)/Geneve 1988}) (13. Ne4 a5 (
13... Ba6 14. Re1 Nd5 15. Bd2 Qb6 16. Bc3 {1/2-1/2 Firman,N (2524)-Savchenko,S
(2533)/Alushta 2004}) 14. Bc2 Re8 15. Re1 Nd5 16. a3 Qb6 17. h4 Bd7 18. Qd3 f5
19. Ng5 Bf6 20. Nf3 c5 21. dxc5 Qxc5 22. Rb1 Bb5 23. Qd2 Rad8 $17 {0-1 Sariego,
W (2380)-Kuczynski,R (2450)/Polanica Zdroj 1989 (42)}) (13. Bf4 {[%cal Gf4e5]}
Ba6 (13... Nd5 14. Be5 Nxc3 15. bxc3 Bd6 16. Re1 c5 17. Qf3 Rb8 18. dxc5 Bxe5
19. Rxe5 Bb7 20. Qe3 $14 {1/2-1/2 Winants,L (2495)-Klarenbeek,M (2390)/
Netherlands 1994 (52)}) (13... Bf6 14. Be5 Bxe5 15. dxe5 Ba6 16. Re1 Qxd1 (
16... Qg5 17. Qc1 Qh4 18. Ne4 Bd3 19. Nd6 Nd5 20. g3 (20. Qxc6 $16) 20... Qg4
21. Qxc6 Nf4 22. Qa4 $16 {0-1 Sveshnikov,E (2557)-Sulskis,S (2582)/Tallinn
2004 (45)}) 17. Bxd1 Bd3 18. Bf3 $14 {1/2-1/2 Pavasovic,D (2581)-Sax,G (2518)/
Bled 2002 (19)}) (13... Bb7 14. Rc1 Bf6 15. Be5 c5 16. Bxf6 Qxf6 17. dxc5 Rfd8
18. Qe2 Qg5 19. g3 Qxc5 20. Na4 Qf5 {Nadyrhanov,S (2480)-Poluljahov,A (2505)/
Russia 72/140 1998/D Inf 72}) 14. Re1 c5 (14... Bc4 $13) (14... Nd5 15. Be5 $14
) 15. dxc5 Qxd1 16. Rexd1 Bxc5 17. Ne4 Be7 {The endgame is equal.}) (13. Qg4 $2
e5 14. Qh5 exd4 15. Ne4 Be6 16. Ng5 Bxg5 17. Bxg5 Qd7 18. Rac1 Bxb3 19. axb3
Rfe8 $19 {0-1 Pedersen,N (2290)-Nielsen,U (2390)/Denmark 1997 (41)}) (13. Re1 {
This looks like the most useful move in the position.} Nd5 (13... c5 14. dxc5
Qxd1 $2 (14... Bxc5 $142 15. Qh5 $5 $36) 15. Bxd1 $1 Bxc5 16. Bf3 Nd5 (16...
Rb8 17. Bf4 $18) 17. Nxd5 exd5 18. Bxd5 $16 {1-0 Pavasovic,D (2505)-Kutuzovic,
B (2425)/Nova Gorica 1998 (49)}) (13... Ba6 $5) 14. Be3 ({Correct is} 14. Ne4
$13) 14... Nxe3 15. Rxe3 Rb8 $15 {0-1 Nadyrhanov,S (2480)-Rublevsky,S (2645)/
Krasnodar 1997 (33)}) (13. Bc2 Ba6 (13... Nd5 $5) 14. Re1 c5 15. dxc5 (15. Be3
cxd4 (15... Nc4 $5 $11) 16. Bxd4 Bf6 $11) 15... Qxd1 16. Rxd1 Bxc5 $11 {
1/2-1/2 Blatny,P (2520)-Shaked,T (2490)/Kona 1998 (41)}) (13. Qf3 Qxd4 (13...
Ba6 14. Rd1 Rc8 15. Bf4 (15. Bc2 $11 {/+/= is similar to the main game, only
that here Black has the pawn on a7 instead of a5 (White played Qd1-f3 at once)}
) 15... Bc4 16. Bc2 Bd5 17. Qh3 g6 18. Nxd5 Nxd5 19. Be5 Bf6 20. Be4 Bxe5 21.
dxe5 Qc7 22. Qg3 Rb8 23. b3 Rb4 $13 {0-1 Hughes,H (2212)-Emms,J (2501)/West
Bromwich 2004 (48)}) 14. Qxc6 Rb8 15. Be3 Qb4 $11 {0-1 Weber,T (2235)-Henrichs,
T (2413)/Pardubice 2005 (57)}) 13... a5 {Black decides to play a complicated
middlegame rather than a simple equal endgame, with almost no chances to win. .
..a5 followed by ...Ba6 is a standard plan to activate the light-squared
bishop.} ({A relatively simple solution to solve all problems is:} 13... c5 14.
Bc2 g6 15. dxc5 (15. Bh6 Re8 16. dxc5 Qxd3 17. Bxd3 Bxc5 18. Rac1 Bb7 19. Ne4
Be7 (19... Bxe4 20. Bxe4 Rac8 $14) 20. Rc7 Rab8 $11) 15... Qxd3 16. Bxd3 Bxc5
17. Be4 Ba6 $1 {Thanks to this trick Black equalizes completely.} 18. Rd1 Rad8
19. Bh6 Rxd1+ 20. Rxd1 Rc8 21. Bb1 Bf8 22. Bxf8 Kxf8 23. h4 h5 24. a4 Bb7 25.
Re1 Bc6 26. a5 Nd7 27. Rc1 Ke7 28. Re1 Kf6 {1/2-1/2 Okhotnik,V (2406)-Wittmann,
W (2353)/Graz 2002}) 14. Bc2 (14. Re1 Ba6 15. Qe4 Bf6 (15... c5 16. Bc2 (16. d5
Bb7 $1) 16... g6 17. Bh6 Re8 18. Rad1 $36) 16. Bc2 g6 17. Bh6 Re8 18. Rad1 Nc4
19. Qxc6 $6 (19. b3 $142 Na3 20. Bd3 $13) 19... Nxb2 20. Rb1 Nd3 (20... Qxd4 $1
) 21. Ne4 Nxe1 $2 (21... Bh8 22. Red1 (22. Re3 Nb4 $17) 22... Nb4 $15) (21...
Bxd4 22. Bxd3 Bxd3 23. Rbd1 Bxe4 24. Qxe4 (24. Rxe4 $2 Bxf2+ $19) 24... e5 $17)
22. Qxe8+ $1 Qxe8 23. Nxf6+ Kh8 24. Nxe8 Nxc2 25. Nc7 Rd8 26. Nxa6 Nxd4 27. Bg5
{1-0 Hasanova,E (2214)-Motoc,A (2387)/Budva 2003}) 14... g6 15. Rd1 Ba6 (15...
Nd5 16. Qf3 Rb8 17. Bh6 Re8 18. Ba4 Bd7 $11 {0-1 Kalevic,S (2273)-Gaponenko,I 
(2399)/Budva 2003 (45)}) 16. Qf3 Rc8 17. Bh6 Re8 18. Rac1 (18. b3 {is not
attractive at all. It would have prevented the maneuver ...Bc4-d5 indeed, on
the other hand it would have weakened dark squares on the queenside and
besides, white light-squared bishop would have been left without the
possibility to be activated via b3 or a4 later on.} Nd5 19. Ne4 f5 $5 20. Nc5
Bxc5 21. dxc5 Qh4 $5 (21... e5 22. Qg3 e4 23. Bg5 Qc7 $13) 22. Bd2 e5 23. Bxa5
(23. g3 Qd4 $1 $17) 23... e4 24. Qg3 Qf6 $44 {[%cal Gf5f4]}) 18... Bc4 $1 {
[%cal Gc4d5]} 19. b3 Bd5 $11 20. Nxd5 Nxd5 (20... cxd5 21. Bd3 $13 {/=}) 21.
Bd3 Qb6 22. Rc4 Red8 23. g3 Rd6 24. h4 $1 {In this balanced position the
advance of the h-pawn is practically the only active plan at White´s disposal.
The bishop pair does not secure any advantage, because Black has a mighty
knight on d5 and the position is rather closed.} Qd8 25. h5 Nb6 26. Rcc1 Nd5 ({
It makes little sense to open up the position with} 26... Rxd4 27. Ba6 Rc7 28.
Rxd4 Qxd4 29. Rxc6 {after which White is slightly better thanks to the bishop
pair.}) 27. Rc4 Bf6 {Black decides to play on.} (27... Nb6 $11) 28. Be4 Bg7 $5
29. Bxg7 Kxg7 30. h6+ Kf8 (30... Kxh6 $2 31. Qxf7 $16) 31. Rc5 Qg5 32. Rxa5
Qxh6 33. Ra7 Qg7 {The position is still balanced. Both sides remained with
weaknesses on d4 and c6, but now White has a passed pawn on the a-file, which
can disturb Black in endgame. On the other hand now White´s rooks are not
connected and Black can seek for counterplay against opponent´s king. Now it
is rather Black who should avoid the trade of queens.} 34. a4 Ne7 35. a5 {
Otherwise Black plays ...c5 using the pin on the d-file.} Rxd4 36. a6 Rcd8 37.
Re1 $6 {This move makes sense only if White wants to keep control over the 1st
rank. However, the rook left it very quick therefore he should have exchanged
the rooks right away.} ({Correct was} 37. Rxd4 Qxd4 38. Qe3 $1 {and Black
cannot create any threats. The position remains double-edged. For instance:}
Qxe3 39. fxe3 Rd1+ 40. Kf2 Rd2+ 41. Kf3 Ra2 (41... f5 42. Bd3 $1 Rxd3 (42... g5
43. Rb7 g4+ 44. Kf4 Kf7 45. Bb1 (45. a7 $2 Kf6 $19) 45... Kf6 46. e4 e5+ 47.
Ke3 $16) 43. Rb7 Rd2 44. a7 Ra2 45. Rb8+ Kf7 46. a8=Q Rxa8 47. Rxa8 $13) 42.
Bd3 h5 43. Rb7 Nd5 44. a7 Kg7 45. e4 $44) 37... Qe5 $1 38. Re3 $6 (38. Kg2 $5
f5 39. Rb7 $1 $13 {[%cal Ga6a7]} Qa5 40. Qe3 $132 {[%cal Ge3h6]}) (38. Rb7 Qa5
39. Qe2 $13) (38. Qc3 $5) 38... Rd1+ 39. Kg2 Qa1 40. Kh2 $2 {In spite of the
dangerous position, White still had a defense by trading a pair of rooks and
creating own counterplay.} (40. Rd3 $1 R8xd3 41. Bxd3 Rh1 42. Qf4 Qg1+ 43. Kf3
Qd1+ (43... Rh2 $6 44. Qb8+ Nc8 $8 (44... Kg7 $2 45. Qe5+ Kh6 46. Qe3+ Kg7 47.
Rxe7 Qd1+ 48. Kf4 $18) 45. Qxc8+ Kg7 46. Rxf7+ Kxf7 47. Qd7+ Kf8 48. Qd8+ Kf7
49. Qd7+ $11) 44. Be2 (44. Kg2 Rh5 45. Bf1 Qd5+ 46. f3 Qd1 $40) 44... Qd5+ 45.
Qe4 Qh5+ 46. Qg4 Qd5+ (46... Qe5 47. Rd7 $11 {[%cal Gg4d4]}) 47. Qe4 $11) 40...
Qg7 $1 {[%cal Gg7h6]} 41. Qf4 ({The only chance to avoid loss of material was} 
41. g4 {although after} Qh6+ 42. Qh3 Qg5 {Black has a long-lasting initiative
thanks to White`s weaknesses of the dark squares.} (42... Qf4+ 43. Qg3)) 41...
g5 $19 42. Qg4 f5 43. Bxf5 exf5 44. Qh3 R1d7 {The rest is very easy for Black:
the far advanced a-pawn does not represent any danger because Black will
control square a7.} 45. Rxd7 Rxd7 46. Re6 Rd2 47. Qf1 Qd4 48. Re2 Rxe2 49. Qxe2
Ke8 50. Kg2 Kd7 51. Qa2 Nc8 52. Qa3 g4 53. Qf8 Kc7 54. Kg1 (54. Qxf5 Qd5+ $19)
54... Qa1+ 55. Kh2 Qxa6 56. Qxf5 Qe2 57. Qxh7+ Kb6 58. Qf5 Nd6 59. Qf8 Kc5 60.
b4+ Kd5 61. Qg8+ Kd4 62. Qg7+ Kc4 63. Qf6 Qd2 64. Qe6+ Kb5 65. Qxg4 Qxf2+ 66.
Kh1 Qf1+ 67. Kh2 Qf2+ 68. Kh1 Nf5 69. Qg5 Qf1+ 70. Kh2 Qf2+ 71. Kh1 c5 0-1

[Event "EU-ch 2nd"]
[Site "Ohrid"]
[Date "2001.06.12"]
[Round "11"]
[White "Slobodjan, Roman"]
[Black "Cyborowski, Lukasz"]
[Result "1/2-1/2"]
[WhiteElo "2529"]
[BlackElo "2450"]
[Annotator "Rogozenco,D"]
[PlyCount "110"]
[EventDate "2001.06.01"]
[EventType "swiss"]
[EventRounds "13"]
[EventCountry "YUG"]
[SourceTitle "CBM 084"]
[Source "ChessBase"]
[SourceDate "2001.09.13"]
[SourceVersion "1"]
[SourceVersionDate "2001.09.13"]
[SourceQuality "1"]

1. e4 c5 2. Nf3 Nc6 3. c3 Nf6 4. e5 Nd5 5. d4 cxd4 6. Bc4 Nb6 7. Bb3 d5 8. exd6
Qxd6 9. O-O Be6 10. Bxe6 Qxe6 11. Nxd4 Qd7 12. Nxc6 Qxc6 {Most precise. As I
mentioned in my other annotated games the position is absolutely equal and
White's choice I can explain only to the fact that Slobodjan was hoping to
outplay his opponent in a simple equal position.} 13. Nd2 g6 (13... Rd8 14. Qf3
Qxf3 15. Nxf3 e6 16. b3 Be7 17. c4 {1/2-1/2 Poloch,P-Rogozenko,D/Ceske
Budejovice 1994}) 14. Nb3 Rd8 15. Qe2 Bg7 16. Bg5 O-O 17. Rad1 (17. Qxe7 Nc4
$44) (17. Bxe7 $2 Rfe8 $19) 17... h6 18. Be3 $6 (18. Rxd8 Rxd8 19. Qxe7 $2 Re8
$19) (18. Bxe7 $5 Rde8 (18... Rxd1 19. Rxd1 Re8 20. Rd8 $16) 19. Qe3 {[%cal
Re3c5]} Nd5 (19... Nc4 $2 20. Qc5 $18) 20. Rxd5 Qxd5 21. Qc5 Qxc5 22. Bxc5 Re2
23. Bxf8 Kxf8 24. Rb1 h5 $44) (18. Bh4 $5) 18... Nd5 19. Bc1 (19. Bxa7 $6 b6
20. c4 Nf4 21. Qf3 Qxf3 22. gxf3 Ra8 23. Rd7 e6 $44) 19... Qa4 (19... e5 $15)
20. Nc5 Qxa2 21. Qb5 (21. Nxb7 $2 Nxc3 $19) 21... e6 22. Nxb7 Rb8 23. Qa5 Qc4 (
23... Qxa5 24. Nxa5 Rfc8 $11) 24. Nd6 Qc6 25. Ne4 f5 26. Nd2 Nf4 $36 {Due to
White's inaccurate and passive play, Black have a strong initiative.} 27. Nf3
Ne2+ 28. Kh1 Nxc1 29. Rxc1 Rxb2 30. Qxa7 e5 31. Rfd1 Ra8 32. Qe3 e4 (32... Raa2
33. Rd2 (33. Rd8+ Kh7) 33... Rxd2 34. Nxd2 e4 $17) 33. Nd4 Qc4 34. Rd2 Rxd2 35.
Qxd2 Ra2 36. Qf4 Qd3 37. Ne6 Qd2 $2 (37... Rc2 $1 $17) 38. Qxd2 Rxd2 39. Nxg7
Kxg7 40. Kg1 Kf6 41. Kf1 f4 42. c4 Ke5 43. c5 Rd7 44. Ke2 Rc7 45. f3 e3 46. g3
g5 47. c6 Kd5 48. Rd1+ Kxc6 49. gxf4 gxf4 50. Rd4 Rf7 51. Re4 Kd5 52. h4 Rf5
53. Kf1 Rf7 54. Ke2 Rf6 55. Ke1 h5 1/2-1/2

[Event "EU-chT (Men) 15th"]
[Site "Gothenburg"]
[Date "2005.08.02"]
[Round "4.4"]
[White "Bojkov, Dejan"]
[Black "Carlsson, Pontus"]
[Result "0-1"]
[WhiteElo "2522"]
[BlackElo "2394"]
[Annotator "Rogozenco,D"]
[PlyCount "62"]
[EventDate "2005.07.30"]
[EventType "team-swiss"]
[EventRounds "9"]
[EventCountry "SWE"]
[SourceTitle "CBM 109"]
[Source "ChessBase"]
[SourceDate "2005.11.14"]
[SourceVersion "1"]
[SourceVersionDate "2005.11.14"]
[SourceQuality "1"]
[WhiteTeam "Bulgaria"]
[BlackTeam "Sweden II"]
[WhiteTeamCountry "BUL"]
[BlackTeamCountry "SWE"]

1. e4 c5 2. c3 d5 3. exd5 Qxd5 4. d4 g6 5. Nf3 Bg7 6. Na3 (6. c4 {is another
try to fight for advantage against 4...g6 system, advocated by Rozentalis.})
6... Nf6 {A good solid move. Black is not forced to take on d4 yet.} (6... cxd4
7. Bc4 {leads to marginally better positions for White} (7. Nb5 Na6)) ({
Worse is} 6... a6 7. Bc4 {with initiative}) 7. Bc4 (7. Nb5 Na6 $11) (7. Be3
cxd4 $11 8. Nb5 O-O $1 $11) 7... Qe4+ 8. Be3 O-O 9. dxc5 (9. O-O $142 cxd4 10.
Nxd4 $1 $14) 9... Ng4 10. Bd5 (10. Qc2 Qxc2 (10... Qc6 $5 $13) 11. Nxc2 Nd7 12.
Rd1 Nxe3 13. Nxe3 Nxc5 $11 {/=/+, 0-1 Jakymov,V (2343)-Tunik,G (2460)/St
Petersburg 2001 (65)}) (10. Ng5 Qxg2 11. Bd5 Nxe3 12. Bxg2 Nxd1 13. Rxd1 $15) (
10. Bd3 Qe6 11. Nc2 Nxe3 12. Nxe3 Qc6 13. O-O Qxc5 14. Rc1 Be6 15. b4 Qc8 16.
Qe2 Nc6 17. Rfd1 Rd8 $11 {1/2-1/2 Grosar,A (2470)-Velickovic,Z (2355)/Dobrna
2002 (48)}) 10... Nxe3 $5 $146 {An interesting novelty, leading to equal
endgame. On the other hand Black is doing well after 10...Qf5 too.} (10... Qf5
11. Nb5 Nc6 12. O-O a6 13. Nc7 (13. Bxc6 bxc6 14. Nbd4 Qxc5 $15) 13... Ra7 {
1/2-1/2 Chernov,I-Querci,A/ICCF Email 2000/D-Corr 2002 (58)}) 11. Bxe4 Nxd1 12.
Rxd1 Na6 13. c6 bxc6 ({White´s chances are preferable after} 13... Rb8 14. cxb7
Bxb7 15. Bxb7 Rxb7 16. Nc4 Rc8 17. Nfd2 Nc5 18. Ke2 Na4 19. Rb1 Bxc3 $6 (19...
Bh6 $1 $44) 20. bxc3 Rxb1 21. Rxb1 Nxc3+ 22. Kd3 Nxb1 23. Nxb1) 14. Nd4 {
This natural intention to take on c6 with the knight does not bring the
desired result.} (14. Bxc6 $142 Rb8 15. Rd2 (15. Nc4 Be6 16. Bd5 Bxd5 17. Rxd5
Rfc8 18. Nfd2 (18. b3 Bxc3+ 19. Ke2 Nb4 20. Ra5 Rc7 $11) 18... Nc5 19. Ke2 Na4
20. Ra5 Nxb2 21. Rb1 Bxc3 22. Rxa7 Kf8 $11) 15... Be6 16. O-O $14 {/=} Bxa2 17.
Ra1 Be6 18. Nb5 Rb6 19. Nbd4 (19. Nxa7 Rfb8 $11) (19. Nfd4 Bc4 $11) 19... Bg4
20. Ra5 $14 {/=}) (14. Nc4 Rb8 (14... Be6 15. Nce5 Rab8 16. b3 $14 {7=}) 15.
Bxc6 Be6 $11 {is the same as 14.Bxc6 Rb8 15.Nc4}) 14... Rb8 {The bishop pair
together with the lead in development and pressure on the queenside secures
Black enough compensation for the pawn.} 15. Nc4 $2 {The knight will soon
become a target on c4 and in fact this apparently logical move only helps
Black to bring the bishop with tempo into play.} (15. Nb3 Be6 16. Bf3 (16. O-O
Bxb3 17. axb3 Rxb3 18. Nc4 Rc8 $11) (16. Bxc6 Bxb3 17. axb3 Rxb3 18. Nc4 Rc8
19. Bd5 Rb5 20. O-O Bf6 $1 $13) 16... Rfc8 $11 (16... Bxb3 17. axb3 Rxb3 18.
Nc4 Nc5 19. Kd2 $1 Na4 20. Kc2 Rfb8 21. Rd8+ Rxd8 22. Kxb3 Nc5+ 23. Kc2 $14)) (
15. b3 Bb7 $5 $11) (15. Rd2 Nc5 $36 {[%cal Gc8a6]}) 15... Nc5 16. Nxc6 (16. Bc2
Ba6 17. b3 Bxc4 18. bxc4 Rb2 $17) 16... Ba6 $1 $17 17. Bd5 (17. Nxb8 Rxb8 {
In spite of extra exchange, White has a difficult position due to his problems
with the king on e1.} 18. Nd2 {[%csl Re1]} Bh6 ({Or} 18... Rxb2 19. Rb1 Rxa2
20. Rb8+ Bf8 $17) 19. Bb1 Rxb2 $17) 17... e6 18. Nxb8 Rxb8 $19 {The rest is
easy for Black. He has an initiative with extra material.} 19. Bxe6 fxe6 20. b3
Bxc3+ 21. Ke2 Bxc4+ 22. bxc4 Rb2+ 23. Kf3 e5 24. Rd5 Bd4 25. Rd1 Rxf2+ 26. Kg4
Rf4+ 27. Kh3 Ne4 28. Rd8+ Kg7 29. g3 Ng5+ 30. Kg2 Rf2+ 31. Kh1 Nf3 0-1

[Event "Dubai op"]
[Site "Dubai"]
[Date "2001.04.19"]
[Round "5"]
[White "Sermek, Drazen"]
[Black "Sveshnikov, Evgeny"]
[Result "1-0"]
[WhiteElo "2525"]
[BlackElo "2571"]
[Annotator "Rogozenco,D"]
[PlyCount "79"]
[EventDate "2001.04.15"]
[EventType "swiss"]
[EventRounds "9"]
[EventCountry "UAE"]
[SourceTitle "CBM 083"]
[Source "ChessBase"]
[SourceDate "2001.07.05"]
[SourceVersion "1"]
[SourceVersionDate "2001.07.05"]
[SourceQuality "1"]

1. e4 c5 2. c3 Nf6 3. e5 Nd5 4. Nf3 Nc6 5. Bc4 Nb6 6. Bb3 {Sveshnikov himself
uses this move order from time to time with White, so it is interesting to see
his reaction from the Black side.} c4 (6... d5 7. exd6 Qxd6 8. O-O c4 9. Bc2
Bg4 {is another option to consider.}) 7. Bc2 Qc7 8. Qe2 g5 {This is the most
ambitious way to play with Black. The theory considers it to give Black enough
chances, but Slovenian GMs Sermek and Pavasovic keep on playing it with White
often achieving good results.} 9. h3 {It seems that only after this move White
can try to get some advantage out of the opening.} (9. e6 dxe6 10. Nxg5 Qe5 11.
Ne4 ({neither 11.d4 promeses White advantage, for instance:} 11. d4 cxd3 12.
Bxd3 Qxe2+ 13. Bxe2 h6 14. Ne4 e5 15. Na3 f5 16. Bh5+ Kd8 17. Ng3 e6 18. Nc2
Bd6 19. Bd2 Nc4 20. O-O-O Nxd2 21. Rxd2 Ke7 22. Rhd1 Bc7 23. Nf1 b5 {0-1
Ponomariov,R-Van Wely,L/Biel 2000/ (78)}) 11... f5 12. Ng3 Qxe2+ 13. Nxe2 Bg7
14. Na3 O-O 15. O-O Bd7 16. Rb1 Rac8 17. b3 cxb3 18. axb3 e5 19. f3 a5 20. Re1
Nd5 21. Ng3 Rcd8 $11 {1/2-1/2 Sveshnikov,E-Sakaev,K/St Petersburg 1997 (50)}) (
9. Nxg5 Qxe5 10. d4 cxd3 11. Bxd3 Qxe2+ 12. Bxe2 Bg7 $11) 9... Bg7 10. O-O Nxe5
11. Nxg5 d5 12. a4 (12. Bxh7 Bf6 13. d4 cxd3 14. Bxd3 Nxd3 15. Qxd3 {Black has
compensation for the pawn. However, he failed to prove it in the following
game, which was played shortly before the present game:} Qe5 16. f4 Qf5 17. Qe2
Qg6 18. Nd2 Bf5 19. Qf2 Bd3 20. Re1 Bxg5 21. fxg5 Qxg5 22. Nc4 Qg7 23. Nd6+ Kf8
24. Qe3 {1-0 Sermek,D-Tratar,M/Bled SLO 2001}) 12... h6 13. Nf3 Nbd7 14. Re1
O-O 15. Na3 a6 16. d4 cxd3 17. Bxd3 Nxd3 {In the previous round of the same
tournament the draw was agreed in this position in the game 1/2-1/2 Pavasovic,
D-Yakovich,Y/Dubai UAE 2001.} 18. Qxd3 e6 19. Be3 $11 {/+/=.} b6 (19... Nc5
$142) 20. Qd2 Kh7 21. Bf4 e5 (21... Qc6 22. Nd4 $14) (21... Qb7 22. Rad1 $14 (
22. Ne5 $5)) 22. Bg3 Bb7 23. Nd4 Qd6 $6 (23... Rae8 24. Nf5 Nc5 $13) (23... Rg8
24. Qd3+ Kh8 25. Qf5 $36) 24. Nf5 Qg6 25. Nxg7 Qxg7 26. Nc4 $1 $16 {Thanks to
this strong move (White brings the knight into the game very quick and creates
threats) White achieves a sensible advantage. The weak king and bad pawn
structure make Black's position very unpleasant.} dxc4 (26... f6 27. Ne3 $16)
27. Qxd7 f6 28. Rad1 Rf7 (28... Rad8 29. Qxd8 Rxd8 30. Rxd8 $16 {[%cal Ge1d1]})
29. Qf5+ Qg6 30. Qxg6+ Kxg6 31. Rd6 $1 {Black ended up in a very difficult
position, probably lost. White is much more active and can attack Black's
weaknesses.} Kf5 32. Rxb6 Rd8 33. Bh4 $18 Rd2 (33... Bc8 34. g4+ Kg6 35. Rxe5
$18) 34. Bxf6 $1 Rxf6 35. Rxb7 e4 36. Re7 Rb6 37. R1xe4 Rbxb2 38. g4+ Kg5 39.
R4e5+ Kg6 40. R5e6+ 1-0